00277nam a2200109Ia 4500100001500000654002600015245006000041260003300101082001300134300000800147546001200155 aShah/M.M.  aDesign of electronics aDesign of Electronics circuits & computer aided design bNew Age Int (P) Ltdc1993 a621.3815 a234 aENGLISH